IMPLEMENTING XML MANAGING AND FORMATTING DATA (Record no. 6568)
[ view plain ]
| 000 -LEADER | |
|---|---|
| fixed length control field | 00298nam a22000977a 4500 |
| 005 - DATE AND TIME OF LATEST TRANSACTION | |
| control field | 20250901165614.0 |
| 008 - FIXED-LENGTH DATA ELEMENTS--GENERAL INFORMATION | |
| fixed length control field | 240321b |||||||| |||| 00| 0 eng d |
| 050 ## - LIBRARY OF CONGRESS CALL NUMBER | |
| Classification number | QA76.B76 2004 |
| 245 ## - TITLE STATEMENT | |
| Title | IMPLEMENTING XML MANAGING AND FORMATTING DATA |
| Statement of responsibility, etc. | Brochard, Jonny |
| 942 ## - ADDED ENTRY ELEMENTS (KOHA) | |
| Source of classification or shelving scheme | Library of Congress Classification |
| Classification part | QA76.B76 2004 |
| Withdrawn status | Lost status | Source of classification or shelving scheme | Damaged status | Not for loan | Home library | Current library | Shelving location | Date acquired | Total checkouts | Full call number | Barcode | Date last seen | Price effective from | Koha item type |
|---|---|---|---|---|---|---|---|---|---|---|---|---|---|---|
| Library of Congress Classification | Main Library | Main Library | 03/21/2024 | QA76.B76 2004 | PIUD0000012 | 03/21/2024 | 03/21/2024 | Books |